| 000 | 00485nam a2200157 i 4500 | ||
|---|---|---|---|
| 001 | 30549 | ||
| 003 | ES-MaACL | ||
| 007 | t| | ||
| 008 | 030124s1842 sp ||||1| spa d | ||
| 100 | 1 |
_aBartholomin, Victor. _926134 |
|
| 245 | 1 | 3 |
_aLa encantadora o El triunfo de la cruz _b: baile histórico y fantástico en cuatro actos / _cVictor Bartholomin. |
| 260 |
_aMadrid : _bBoix, _c1842. |
||
| 300 |
_a32 p. ; _c18 cm. |
||
| 740 | 3 | _aEl triunfo de la cruz. | |
| 852 |
_aES-MaACL _jT-733-F-3 |
||
| 999 |
_c30549 _d30549 |
||